[Event "Dubna"]
[Site "Dubna"]
[Date "2007.02.01"]
[Round "6"]
[White "Berezin, Viktor1"]
[Black "Kapranov, Grigory"]
[Result "1-0"]
[WhiteElo "2239"]
[BlackElo "2208"]
[PlyCount "79"]
[EventDate "2007.01.11"]
[EventType "tourn"]
[EventRounds "9"]
[EventCountry "RUS"]
[SourceTitle "EXT 2010"]
[Source "ChessBase"]
[SourceDate "2010.11.25"]
[SourceVersion "1"]
[SourceVersionDate "2010.11.25"]
[SourceQuality "1"]

1. e4 e5 2. Nf3 Nc6 3. Bb5 a6 4. Ba4 Nf6 5. 0-0 Be7 6. Re1 b5 7. Bb3 d6 8. c3 0-0 9. h3 Na5 10. Bc2 c5 11. d4 Qc7 12. Nbd2 Nc6 13. d5 Nd8 14. Nf1 Nb7 15. Ng3 Re8 16. Nf5 Bxf5 17. exf5 c4 18. g4 Bf8 19. g5 Nd7 20. f6 g6 21. h4 Nbc5 22. Be4 Nxe4 23. Rxe4 Nc5 24. Rg4 Qb7 25. Ne1 Nd3 26. Nxd3 Qxd5 27. Be3 Qxd3 28. Qxd3 cxd3 29. h5 d5 30. hxg6 fxg6 31. Rd1 e4 32. Kg2 Rac8 33. Rh4 Rc7 34. Rdh1 Bd6 35. a3 Rd7 36. Bd4 Be5 37. Bc5 Bd6 38. Bxd6 Rxd6 39. Rxh7 Re5 40. Rg7+ 1-0

[Event "Dubna"]
[Site "Dubna"]
[Date "2007.01.29"]
[Round "5"]
[White "Kapranov, Grigory"]
[Black "Sergeev, Igor"]
[Result "0-1"]
[WhiteElo "2208"]
[BlackElo "2444"]
[PlyCount "64"]
[EventDate "2007.01.11"]
[EventType "tourn"]
[EventRounds "9"]
[EventCountry "RUS"]
[SourceTitle "EXT 2010"]
[Source "ChessBase"]
[SourceDate "2010.11.25"]
[SourceVersion "1"]
[SourceVersionDate "2010.11.25"]
[SourceQuality "1"]

1. d4 Nf6 2. c4 c5 3. d5 b5 4. cxb5 a6 5. bxa6 Bxa6 6. Nc3 g6 7. g3 Bg7 8. Bg2 d6 9. e4 Nbd7 10. f4 0-0 11. Nge2 Qb6 12. Qb3 Qa7 13. Qc2 c4 14. h3 Nc5 15. Be3 Nd3+ 16. Kd2 Qb7 17. Rab1 Nb4 18. Qd1 e6 19. dxe6 fxe6 20. a3 Nd3 21. Nc1 d5 22. Nxd3 cxd3 23. exd5 exd5 24. b4 Bc4 25. a4 Qd7 26. Bc5 Rfe8 27. Re1 Rxe1 28. Qxe1 Re8 29. Qh1 d4 30. Ne4 Qxa4 31. Nxf6+ Bxf6 32. Bd5+ Kg7 0-1